[Event "Canadian op"]
[Site "Montreal"]
[Date "2002.07.21"]
[Round "10"]
[White "Legky, Nikolay A"]
[Black "Linskiy, Oleg M"]
[Result "1/2-1/2"]
[WhiteElo "2498"]
[BlackElo "2417"]
[PlyCount "55"]
[EventDate "2002.07.13"]
[EventType "swiss"]
[EventRounds "10"]
[EventCountry "CAN"]
[SourceTitle "CBM 089 Extra"]
[Source "ChessBase"]
[SourceDate "2002.09.10"]
[SourceVersion "2"]
[SourceVersionDate "2002.09.10"]
[SourceQuality "1"]

1. d4 Nf6 2. Nf3 e6 3. c4 d5 4. Nc3 Be7 5. Bf4 c6 6. e3 Nbd7 7. h3 0-0 8. Rc1 b6 9. Bd3 Bb7 10. 0-0 dxc4 11. Bxc4 c5 12. Qe2 a6 13. a4 cxd4 14. exd4 Bb4 15. Bg3 Qe7 16. Bd3 Rfc8 17. Rfd1 Bd6 18. Ne5 Bb4 19. Rc2 Bxc3 20. bxc3 Bd5 21. Qd2 Nxe5 22. Bxe5 Bc6 23. Ra1 b5 24. Qe2 bxa4 25. Bxa6 Bb7 26. Bxb7 Qxb7 27. c4 Qe7 28. Rc3 1/2-1/2

[Event "Canadian op"]
[Site "Montreal"]
[Date "2002.07.20"]
[Round "9"]
[White "Linskiy, Oleg M"]
[Black "Ramaswamy, Kishor"]
[Result "1-0"]
[WhiteElo "2417"]
[BlackElo "2056"]
[PlyCount "68"]
[EventDate "2002.07.13"]
[EventType "swiss"]
[EventRounds "10"]
[EventCountry "CAN"]
[SourceTitle "CBM 089 Extra"]
[Source "ChessBase"]
[SourceDate "2002.09.10"]
[SourceVersion "2"]
[SourceVersionDate "2002.09.10"]
[SourceQuality "1"]

1. e4 c6 2. d4 d5 3. exd5 cxd5 4. Bd3 Nc6 5. c3 Qc7 6. h3 e6 7. Nf3 Nf6 8. 0-0 Bd7 9. Qe2 Bd6 10. Re1 0-0 11. Nbd2 Rab8 12. Ne5 b5 13. a3 a5 14. b4 axb4 15. axb4 Ne7 16. Bb2 Rb6 17. Ra5 Rfb8 18. Nb3 Be8 19. Nc5 Qd8 20. Bc1 Nc8 21. Bg5 Be7 22. Rea1 Nd6 23. Qf3 Nc4 24. Ra7 Nxe5 25. dxe5 Nd7 26. Bxe7 Qxe7 27. Nxd7 Bxd7 28. Rc7 Rc8 29. Rxc8+ Bxc8 30. Qe3 Qc7 31. Qc5 Qb7 32. Ra7 Qb8 33. Rc7 Ba6 34. Qe7 Qf8 1-0

[Event "Quebec-ch int"]
[Site "Montreal"]
[Date "2002.06.19"]
[Round "3"]
[White "Linskiy, Oleg M"]
[Black "Barbeau, Sylvain"]
[Result "1/2-1/2"]
[WhiteElo "2417"]
[BlackElo "2397"]
[PlyCount "69"]
[EventDate "2002.06.17"]
[EventType "tourn"]
[EventRounds "9"]
[EventCountry "CAN"]
[EventCategory "6"]
[SourceTitle "CBM 088 Extra"]
[Source "ChessBase"]
[SourceDate "2002.07.01"]
[SourceVersion "2"]
[SourceVersionDate "2002.07.01"]
[SourceQuality "1"]

1. e4 e5 2. Nf3 Nc6 3. Bc4 Nf6 4. d3 h6 5. 0-0 d6 6. c3 g6 7. d4 Qe7 8. Nbd2 Bg7 9. Re1 0-0 10. h3 Bd7 11. Nf1 Rae8 12. Ng3 Nh7 13. dxe5 Nxe5 14. Nxe5 dxe5 15. Be3 Ng5 16. Qe2 Ne6 17. Rad1 Rd8 18. Rd2 Bc8 19. Rxd8 Rxd8 20. Rd1 a6 21. Rd2 h5 22. Qd1 Bf6 23. Rxd8+ Qxd8 24. Qd5 c6 25. Qxd8+ Bxd8 26. Ne2 Kf8 27. b4 b5 28. Bb3 a5 29. a3 axb4 30. axb4 Ke7 31. h4 Bc7 32. f3 Bd6 33. Kf2 Nd8 34. Nc1 Be6 35. g3 1/2-1/2

[Event "Laval XIX"]
[Site "Laval"]
[Date "2002.04.20"]
[Round "2"]
[White "Linskiy, Oleg M"]
[Black "Caceres Cortes, Julio"]
[Result "1-0"]
[WhiteElo "2458"]
[BlackElo "2125"]
[PlyCount "37"]
[EventDate "2002.04.19"]
[EventType "swiss"]
[EventRounds "5"]
[EventCountry "CAN"]
[SourceTitle "EXT 2022"]
[Source "ChessBase"]
[SourceDate "2021.10.06"]
[SourceVersion "1"]
[SourceVersionDate "2021.10.06"]
[SourceQuality "1"]

1. d4 d5 2. c4 e6 3. cxd5 exd5 4. Nc3 Nf6 5. Bg5 Be7 6. e3 0-0 7. Bd3 c6 8. Qc2 Nbd7 9. Nf3 Re8 10. 0-0 Nf8 11. h3 N6d7 12. Bf4 Ng6 13. Nxd5 Ndf8 14. Nxe7+ Qxe7 15. Bg3 Be6 16. Nd2 Rad8 17. Rae1 Rd5 18. f4 Bc8 19. f5 1-0

[Event "Montreal op"]
[Site "Montreal"]
[Date "2000.??.??"]
[Round "2"]
[White "Linskiy, Oleg M"]
[Black "Roy, Guy"]
[Result "1-0"]
[WhiteElo "2463"]
[BlackElo "2116"]
[PlyCount "129"]
[EventDate "2000.??.??"]
[EventType "swiss"]
[EventRounds "5"]
[EventCountry "CAN"]
[SourceTitle "EXT 2003"]
[Source "ChessBase"]
[SourceDate "2002.11.25"]
[SourceVersion "1"]
[SourceVersionDate "2002.11.25"]
[SourceQuality "1"]

1. b3 e5 2. Bb2 Nc6 3. e3 d6 4. Nf3 Nf6 5. d4 e4 6. Nfd2 d5 7. Be2 Be7 8. c4 Bb4 9. 0-0 0-0 10. a3 Bxd2 11. Qxd2 Ne7 12. Nc3 c6 13. Rac1 Re8 14. a4 Bf5 15. Ba3 Rc8 16. b4 dxc4 17. Bxc4 Ned5 18. Nxd5 Nxd5 19. b5 Qg5 20. Bd6 Red8 21. Bg3 c5 22. dxc5 Rxc5 23. Qb2 b6 24. Rfd1 Be6 25. Bf1 Rxc1 26. Rxc1 h5 27. h4 Qf5 28. Qd4 Rd7 29. Qe5 Qxe5 30. Bxe5 f6 31. Bg3 Kf7 32. Be2 g6 33. Bc4 Ne7 34. Bxe6+ Kxe6 35. Rc4 f5 36. Kh2 Nd5 37. Rc6+ Kf7 38. Be5 Re7 39. Bd4 Re6 40. Rc8 Re8 41. Rc4 Re7 42. Kg3 Rc7 43. Rxc7+ Nxc7 44. Kf4 Ke6 45. Kg5 Kf7 46. Kh6 Ne6 47. g3 Nc7 48. Be5 Nd5 49. Kh7 Ne7 50. Bb8 Nc8 51. Kh6 Kf6 52. Bc7 Kf7 53. Be5 Ne7 54. Bb8 Nc8 55. Kh7 Kf6 56. Kg8 Ne7+ 57. Kf8 Nd5 58. Bxa7 g5 59. a5 bxa5 60. b6 Nxb6 61. Bxb6 gxh4 62. gxh4 a4 63. Bd4+ Kg6 64. Ke7 f4 65. Ke6 1-0

[Event "Quebec op"]
[Site "Montreal"]
[Date "1998.07.27"]
[Round "3"]
[White "Desjardins, Andre"]
[Black "Linskiy, Oleg M"]
[Result "0-1"]
[WhiteElo "2005"]
[BlackElo "2375"]
[PlyCount "70"]
[EventDate "1998.07.25"]
[EventType "swiss"]
[EventRounds "9"]
[EventCountry "CAN"]
[SourceTitle "EXT 1999"]
[Source "ChessBase"]
[SourceDate "1998.11.16"]
[SourceVersion "1"]
[SourceVersionDate "1998.11.16"]
[SourceQuality "1"]

1. e4 e5 2. Nf3 d6 3. d4 Nf6 4. Nc3 Nbd7 5. Bc4 Be7 6. 0-0 0-0 7. h3 c6 8. d5 Nc5 9. Re1 b5 10. b4 Ncxe4 11. Nxe4 Nxe4 12. dxc6 Nxf2 13. Bxf7+ Rxf7 14. Qd5 Nxh3+ 15. gxh3 Bxh3 16. c7 Qc8 17. Ng5 Bxg5 18. Bxg5 Be6 19. Qxd6 Rxc7 20. Rxe5 Rc6 21. Qe7 Bh3 22. Re4 Rg6 23. Kh2 Rxg5 24. Qxg5 Qxc2+ 25. Kxh3 Qxe4 26. Rg1 Qb7 27. Rf1 Rc8 28. Qe5 Qd7+ 29. Kg3 h6 30. Rf5 Qd3+ 31. Kg4 Rc4+ 32. Rf4 Qd1+ 33. Kf5 Qh5+ 34. Ke6 Qxe5+ 35. Kxe5 Rxf4 0-1

[Event "Toronto op"]
[Site "Toronto"]
[Date "1998.05.18"]
[Round "9"]
[White "Garcia, Gildardo"]
[Black "Linskiy, Oleg M"]
[Result "1/2-1/2"]
[WhiteElo "2505"]
[BlackElo "2375"]
[PlyCount "47"]
[EventDate "1998.05.14"]
[EventType "swiss"]
[EventRounds "9"]
[EventCountry "CAN"]
[SourceTitle "CBM 065 Extra"]
[Source "ChessBase"]
[SourceDate "1998.09.09"]
[SourceVersion "1"]
[SourceVersionDate "1998.09.09"]
[SourceQuality "1"]

1. e4 e5 2. Nf3 d6 3. d4 Nf6 4. Nc3 Nbd7 5. Bc4 Be7 6. 0-0 0-0 7. Re1 c6 8. a4 b6 9. b3 Bb7 10. Bb2 a6 11. Bd3 Re8 12. dxe5 dxe5 13. Ne2 Bb4 14. c3 Bf8 15. Ng3 Nc5 16. Bc2 a5 17. b4 Qxd1 18. Rexd1 Ncd7 19. Ba3 g6 20. Bb3 h6 21. Nd2 Ba6 22. Ndf1 axb4 23. cxb4 b5 24. Nd2 1/2-1/2

[Event "Toronto op"]
[Site "Toronto"]
[Date "1998.05.17"]
[Round "6"]
[White "Linskiy, Oleg M"]
[Black "Goldenberg, Danny"]
[Result "0-1"]
[WhiteElo "2375"]
[BlackElo "2320"]
[PlyCount "76"]
[EventDate "1998.05.14"]
[EventType "swiss"]
[EventRounds "9"]
[EventCountry "CAN"]
[SourceTitle "CBM 065 Extra"]
[Source "ChessBase"]
[SourceDate "1998.09.09"]
[SourceVersion "1"]
[SourceVersionDate "1998.09.09"]
[SourceQuality "1"]

1. e4 c5 2. Nf3 Nc6 3. d4 cxd4 4. Nxd4 e5 5. Nb5 d6 6. N1c3 a6 7. Na3 b5 8. Nd5 Nge7 9. c4 Nd4 10. Be3 Nxd5 11. cxd5 Be7 12. Bxd4 exd4 13. Qxd4 f5 14. Be2 0-0 15. exf5 Qa5+ 16. Qd2 Qxd2+ 17. Kxd2 Bg5+ 18. Kc3 Bxf5 19. Bf3 b4+ 20. Kb3 bxa3 21. Kxa3 Rab8 22. b3 Rfc8 23. Rad1 Rc5 24. Rd4 Bc1+ 25. Rxc1 Rxc1 26. Ra4 Ra8 27. Rf4 Bg6 28. Bg4 Bf7 29. Bd7 Bxd5 30. Rd4 Rd8 31. Bg4 Bf7 32. Ra4 Ra8 33. Rd4 d5 34. Bf3 Rd8 35. Kb2 Rc6 36. h4 g6 37. Ka3 Rc2 38. Ra4 Rd6 0-1

[Event "Toronto op"]
[Site "Toronto"]
[Date "1998.05.16"]
[Round "4"]
[White "Linskiy, Oleg M"]
[Black "Gardner, Robert"]
[Result "0-1"]
[WhiteElo "2375"]
[BlackElo "2180"]
[PlyCount "86"]
[EventDate "1998.05.14"]
[EventType "swiss"]
[EventRounds "9"]
[EventCountry "CAN"]
[SourceTitle "CBM 065 Extra"]
[Source "ChessBase"]
[SourceDate "1998.09.09"]
[SourceVersion "1"]
[SourceVersionDate "1998.09.09"]
[SourceQuality "1"]

1. d4 Nf6 2. Nf3 c5 3. c4 cxd4 4. Nxd4 e5 5. Nc2 d5 6. cxd5 Qxd5 7. Qxd5 Nxd5 8. g3 Nc6 9. Bg2 Be6 10. 0-0 0-0-0 11. b3 h5 12. Bb2 h4 13. Nc3 hxg3 14. hxg3 Nxc3 15. Bxc3 Bd5 16. Rfd1 Bxg2 17. Rxd8+ Kxd8 18. Kxg2 Kd7 19. Rd1+ Ke6 20. f4 Be7 21. e4 g6 22. Ne3 f6 23. f5+ gxf5 24. exf5+ Kf7 25. Kf3 Rd8 26. Rxd8 Bxd8 27. Ke4 Ne7 28. Nc4 Bc7 29. g4 Ke8 30. Bb4 Nc6 31. Bd6 Bd8 32. Bc5 Kd7 33. g5 fxg5 34. Nxe5+ Nxe5 35. Kxe5 b6 36. Be3 Bc7+ 37. Kf6 g4 38. Kg7 Be5+ 39. Kg6 g3 40. Kg5 g2 41. Kg6 Bd6 42. f6 Bc5 43. f7 Bxe3 0-1

[Event "Quebec-ch"]
[Site "Montreal"]
[Date "1998.??.??"]
[Round "1"]
[White "Duong, Thanh Nha"]
[Black "Linskiy, Oleg M"]
[Result "1/2-1/2"]
[WhiteElo "2300"]
[BlackElo "2375"]
[PlyCount "85"]
[EventDate "1998.??.??"]
[EventType "tourn"]
[EventRounds "9"]
[EventCountry "CAN"]
[SourceTitle "EXT 2000"]
[Source "ChessBase"]
[SourceDate "1999.11.16"]
[SourceVersion "1"]
[SourceVersionDate "1999.11.16"]
[SourceQuality "1"]

1. Nf3 d5 2. d4 Bf5 3. Bf4 e6 4. e3 Nf6 5. Bd3 Bg6 6. 0-0 Bd6 7. Ne5 0-0 8. c4 Bxd3 9. Qxd3 dxc4 10. Qxc4 Nh5 11. Bg3 Nxg3 12. hxg3 Bxe5 13. dxe5 Nc6 14. f4 Qd7 15. Nc3 Qd2 16. Qc5 Rad8 17. Rf2 Qd3 18. g4 Qa6 19. a3 Rd3 20. Re1 Rfd8 21. Ne4 Qa4 22. Ng5 Rd1 23. Rfe2 R8d5 24. Qc3 h6 25. Nf3 R5d3 26. Qc5 Qb3 27. Kf2 a5 28. Rxd1 Qxd1 29. Qc2 Qxc2 30. Rxc2 Kf8 31. Ke2 Rb3 32. Nd2 Rb5 33. Ne4 Ke7 34. Nc5 b6 35. Ne4 Kd7 36. Rd2+ Kc8 37. Nc3 Rc5 38. Kd1 b5 39. Ke2 b4 40. Ne4 Rc4 41. Rd1 Rc2+ 42. Rd2 Rc1 43. Rd1 1/2-1/2

[Event "Quebec-ch"]
[Site "Montreal"]
[Date "1998.??.??"]
[Round "9"]
[White "Linskiy, Oleg M"]
[Black "Hua, Lefong"]
[Result "1-0"]
[WhiteElo "2375"]
[BlackElo "2250"]
[PlyCount "159"]
[EventDate "1998.??.??"]
[EventType "tourn"]
[EventRounds "9"]
[EventCountry "CAN"]
[SourceTitle "EXT 2000"]
[Source "ChessBase"]
[SourceDate "1999.11.16"]
[SourceVersion "1"]
[SourceVersionDate "1999.11.16"]
[SourceQuality "1"]

1. d4 Nf6 2. Nf3 e6 3. e3 c5 4. Bd3 d5 5. b3 Nbd7 6. Bb2 Bd6 7. 0-0 0-0 8. Nbd2 Qc7 9. c4 b6 10. Rc1 Bb7 11. h3 Rac8 12. cxd5 exd5 13. Bf5 Rcd8 14. Qc2 h6 15. Qb1 Qb8 16. Qa1 cxd4 17. Bxd4 Bc5 18. Bxd7 Bxd4 19. Nxd4 Rxd7 20. Nf5 Kh7 21. Nf3 Re8 22. Rfd1 Rc7 23. Rxc7 Qxc7 24. Rc1 Qd7 25. N3d4 g6 26. Ng3 Ne4 27. Nge2 Rc8 28. Rxc8 Qxc8 29. f3 Nd6 30. Qc3 Qc5 31. Kf2 Kg8 32. b4 Qc4 33. Qxc4 dxc4 34. e4 Kf8 35. Nc3 Ke7 36. a4 a6 37. Ke3 f6 38. Nde2 g5 39. Kd4 Ke6 40. Ng3 Bc6 41. Nf1 f5 42. Ne3 fxe4 43. fxe4 b5 44. a5 Bb7 45. g4 Nf7 46. Nf5 Ne5 47. Kc5 Nd7+ 48. Kd4 Ne5 49. Ng7+ Kd6 50. Ne8+ Ke6 51. Nc7+ Kd6 52. N7xb5+ axb5 53. Nxb5+ Kc6 54. Nc3 Nf3+ 55. Kxc4 Ng1 56. b5+ Kd6 57. a6 Bc8 58. e5+ Kxe5 59. Kc5 Nxh3 60. Kc6 Nf4 61. Nd5 Bxg4 62. Nxf4 gxf4 63. b6 f3 64. b7 f2 65. b8Q+ Ke4 66. Qb1+ Ke3 67. a7 Bf3+ 68. Kd6 Ke2 69. Qc2+ Ke1 70. Qc3+ Ke2 71. Qxf3+ Kxf3 72. a8Q+ Ke2 73. Qe4+ Kd2 74. Qf3 Ke1 75. Qe3+ Kf1 76. Ke5 Kg2 77. Qe4+ Kg1 78. Qg4+ Kh2 79. Qf3 Kg1 80. Qg3+ 1-0

[Event "CAN-chT"]
[Site "Canada"]
[Date "1998.??.??"]
[Round "?"]
[White "Linskiy, Oleg M"]
[Black "Milicevic, Goran"]
[Result "1-0"]
[WhiteElo "2375"]
[BlackElo "2370"]
[PlyCount "47"]
[EventDate "1998.??.??"]
[EventType "team"]
[EventRounds "5"]
[EventCountry "CAN"]
[SourceTitle "EXT 2002"]
[Source "ChessBase"]
[SourceDate "2001.11.25"]
[SourceVersion "1"]
[SourceVersionDate "2001.11.25"]
[SourceQuality "1"]

1. Nf3 d5 2. d4 e6 3. c4 Nf6 4. Nc3 Bb4 5. Bg5 c6 6. Qc2 Nbd7 7. e3 Qa5 8. Nd2 dxc4 9. Bxf6 Nxf6 10. Nxc4 Qg5 11. a3 Bxc3+ 12. bxc3 0-0 13. Ne5 Nd7 14. f4 Qe7 15. Bd3 Nxe5 16. fxe5 Qh4+ 17. g3 Qh3 18. Rf1 Qh6 19. Rf4 Bd7 20. Qe2 Qg5 21. Rg4 Qd8 22. Rxg7+ Kxg7 23. Qg4+ Kh8 24. Qh5 1-0

[Event "Montreal Specialiste op"]
[Site "Montreal"]
[Date "1997.02.23"]
[Round "5"]
[White "Hebert, Jean"]
[Black "Linskiy, Oleg M"]
[Result "1/2-1/2"]
[WhiteElo "2445"]
[BlackElo "2382"]
[PlyCount "151"]
[EventDate "1997.02.21"]
[EventType "swiss"]
[EventRounds "5"]
[EventCountry "CAN"]
[SourceTitle "EXT 2022"]
[Source "ChessBase"]
[SourceDate "2021.10.06"]
[SourceVersion "1"]
[SourceVersionDate "2021.10.06"]
[SourceQuality "1"]

1. Nf3 d5 2. g3 c6 3. Bg2 Bg4 4. c4 e6 5. cxd5 exd5 6. 0-0 Bd6 7. d3 Nf6 8. Qb3 Qb6 9. Qc2 0-0 10. Nc3 Nbd7 11. e4 Rfe8 12. Be3 Qa6 13. Nh4 dxe4 14. dxe4 Bc5 15. Bxc5 Nxc5 16. h3 Be6 17. b4 Qd3 18. Rfc1 Qxc2 19. Rxc2 Nd3 20. a3 a5 21. b5 Bd7 22. Rd1 Nc5 23. bxc6 Bxc6 24. f3 g6 25. Bf1 Rad8 26. Rcd2 Rd7 27. Ng2 Red8 28. Rxd7 Rxd7 29. Ne3 Rxd1 30. Nexd1 Nfd7 31. Kf2 Kg7 32. Ke3 f5 33. exf5 gxf5 34. Nb2 Kf6 35. Nc4 Nb3 36. Nd6 Nbc5 37. f4 Ke6 38. Ndb5 Kf6 39. Nd4 Bh1 40. Bc4 Nb6 41. Ba2 Bg2 42. h4 h6 43. Bg8 Bf1 44. Nde2 Nca4 45. Nb5 Bg2 46. Kd4 Nc8 47. Nec3 Nab6 48. Nc7 Ne7 49. Bb3 Bc6 50. Nd1 Nbc8 51. Nd5+ Bxd5 52. Bxd5 b6 53. Nc3 Nd6 54. a4 Nec8 55. Bb3 Ne7 56. Nd5+ Nxd5 57. Kxd5 Ke7 58. Bc2 b5 59. axb5 Nxb5 60. Ke5 Nd6 61. h5 Nc4+ 62. Kd4 Nd6 63. Kd5 Ne8 64. Bxf5 Nf6+ 65. Ke5 Nxh5 66. g4 Nf6 67. g5 hxg5 68. fxg5 Nh5 69. Kd5 a4 70. Kc4 Kf7 71. Kb4 Kg7 72. Kxa4 Nf6 73. Kb5 Nh7 74. g6 Nf8 75. Kc5 Nxg6 76. Bxg6 1/2-1/2

[Event "Quebec op"]
[Site "Quebec"]
[Date "1997.??.??"]
[Round "9"]
[White "Hergott, Deen"]
[Black "Linskiy, Oleg M"]
[Result "1/2-1/2"]
[WhiteElo "2395"]
[BlackElo "2200"]
[PlyCount "86"]
[EventDate "1997.??.??"]
[EventType "swiss"]
[EventRounds "9"]
[EventCountry "CAN"]
[SourceTitle "EXT 1998"]
[Source "ChessBase"]
[SourceDate "1997.11.17"]
[SourceVersion "1"]
[SourceVersionDate "1997.11.17"]
[SourceQuality "1"]

1. Nf3 Nf6 2. c4 g6 3. Nc3 Bg7 4. d4 0-0 5. e4 d6 6. Be2 e5 7. 0-0 exd4 8. Nxd4 Re8 9. f3 Nc6 10. Be3 Nh5 11. f4 Nf6 12. Bf3 Bg4 13. Nxc6 Bxf3 14. Qxf3 bxc6 15. Rae1 Nd7 16. e5 dxe5 17. f5 e4 18. Nxe4 Ne5 19. Qh3 Nxc4 20. fxg6 fxg6 21. Ng5 h5 22. Ne6 Qd3 23. Bc5 Qxh3 24. gxh3 Bxb2 25. Nxc7 Rxe1 26. Rxe1 Rc8 27. Na6 Bf6 28. Rb1 Nb2 29. Kf2 Bc3 30. Ke2 Rd8 31. Be3 Re8 32. Kf3 Nc4 33. Rb8 Rxb8 34. Nxb8 Nxe3 35. Kxe3 Be5 36. Nxc6 Bxh2 37. Ke4 a6 38. a4 Kf7 39. a5 Bd6 40. Kd5 Bc7 41. Nb4 Kf6 42. Nxa6 Bxa5 43. Ke4 Kg5 1/2-1/2